| 000 | 00991nam a22001935i 4500 | ||
|---|---|---|---|
| 001 | 154654 | ||
| 003 | ES-MaACL | ||
| 005 | 20230906205818.0 | ||
| 008 | 040715s1885 xxkabc |||| | eng d | ||
| 040 |
_aCAM _bspa _cCAM |
||
| 100 | 1 |
_aGordon, Charles George ( _d1833-1885) _959156 |
|
| 245 | 1 | 4 |
_aThe journals of Major-Gen C.G. Gordon, C.B., at Kartoum / _cprinted from the original mss., introducing and notes by A. Egmont Hake. |
| 260 |
_aLondon : _bKegan Paul, Trench & Co., _c1885 ( _fPrinted by William Clowes and Sons) |
||
| 300 |
_a2 v. (LXV, 275 ; 276-587 p., [1] h. lám., [1] h. map., [1] h. map. pleg. : _bil.) ; _c23 cm. |
||
| 599 | 1 | _aLa h. de lám. lit., retrato del autor. | |
| 651 | 4 |
_aJartum- _xHistoria- _y1884-1885, Sitio- _vRelatos personales británicos. _9152800 |
|
| 700 | 1 |
_aHake, A. Egmont. _9127763 |
|
| 852 |
_aES-MaACL _jG-11498-99 _z-- Enc. ed. en tela roja _z-- Al final del T. II hay 34 pp. correspondientes al catálogo de la Editorial Kegan Paul, Trench & Co. |
||
| 999 |
_c154654 _d154654 |
||